[Event "GMI ECAM Lyon"]
[Site "?"]
[Date "2023.04.10"]
[Round "1.1"]
[White "Barbot, Pierre"]
[Black "Saraci, Nderim"]
[Result "1-0"]
[WhiteElo "2442"]
[BlackElo "2463"]
[PlyCount "75"]
[EventDate "2023.04.11"]
[SourceDate "2023.04.11"]

1. d4 Nf6 2. c4 e6 3. Nf3 d5 4. g3 Be7 5. Bg2 O-O 6. O-O dxc4 7. Qc2 a6 8. a4
Bd7 9. Qxc4 Bc6 10. Bg5 Bd5 11. Qc2 Be4 12. Qc1 c5 13. dxc5 Nbd7 14. Nbd2 Bg6
15. b4 a5 16. c6 Rc8 17. bxa5 Qxa5 18. Qb2 bxc6 19. Nc4 Qa7 20. Nfe5 Nxe5 21.
Nxe5 Nd5 22. Bxe7 Qxe7 23. Rfc1 Qd6 24. a5 c5 25. Nxg6 hxg6 26. a6 Ra8 27. e4
Nb4 28. e5 Qb6 29. Bxa8 Rxa8 30. Qc3 Rxa6 31. Rxa6 Nxa6 32. Qc4 g5 33. Qg4 Nb4
34. Qxg5 Nd3 35. Ra1 Qb8 36. Qe3 c4 37. Qe4 Nxf2 38. Qa8 1-0

[Event "GMI ECAM Lyon"]
[Site "?"]
[Date "2023.04.10"]
[Round "1.2"]
[White "Milliet, Sophie"]
[Black "Cheng, Bobby"]
[Result "0-1"]
[WhiteElo "2392"]
[BlackElo "2547"]
[PlyCount "72"]
[EventDate "2023.04.11"]
[SourceDate "2023.04.11"]

1. d4 d5 2. c4 e6 3. Nf3 Nf6 4. g3 dxc4 5. Bg2 Bb4+ 6. Bd2 a5 7. a3 Be7 8. Qa4+
Nbd7 9. Qxc4 O-O 10. Qc2 c5 11. O-O b6 12. Ne5 Nxe5 13. Bxa8 cxd4 14. Bf4 d3
15. exd3 Ba6 16. Bxe5 Qxa8 17. Nc3 h5 18. Rfe1 h4 19. gxh4 Bb7 20. h3 Qd8 21.
Qe2 Nd7 22. Bg3 Nc5 23. Qc2 f5 24. Be5 Bxh4 25. Kh2 Nxd3 26. Qb3 Nxe1 27. Qxe6+
Kh7 28. Rxe1 Bxf2 29. Re2 Bh4 30. Bf4 Qd3 31. Qe3 Rd8 32. Qg1 Qf3 33. Be5 Rd7
34. Rc2 f4 35. Ne2 g5 36. Bb8 Be4 0-1

[Event "GMI ECAM Lyon"]
[Site "?"]
[Date "2023.04.10"]
[Round "1.3"]
[White "Mathieu, Phileas"]
[Black "Velten, Paul"]
[Result "0-1"]
[WhiteElo "2391"]
[BlackElo "2488"]
[PlyCount "100"]
[EventDate "2023.04.11"]
[SourceDate "2023.04.11"]

1. Nf3 d5 2. c4 c6 3. g3 Bg4 4. Bg2 Nd7 5. cxd5 cxd5 6. Nc3 e6 7. O-O Ngf6 8.
d3 Be7 9. Bf4 O-O 10. a3 a6 11. h3 Bxf3 12. Bxf3 Rc8 13. e4 e5 14. Bg5 dxe4 15.
dxe4 h6 16. Bxf6 Nxf6 17. Qb3 Rc7 18. Rfd1 Qc8 19. Kg2 Bc5 20. Rac1 Bd4 21. Ne2
Ba7 22. Qb4 Re8 23. Qd6 Bc5 24. Qd3 Rc6 25. Rc3 Ba7 26. Rdc1 Rxc3 27. Rxc3 Qe6
28. Rc2 g6 29. b4 Kg7 30. Qc4 Qd7 31. Nc1 Re6 32. Nb3 Qa4 33. Na5 Re7 34. Qb3
Qd7 35. Nc4 Qe6 36. Na5 Qb6 37. Nc4 Qd8 38. Rd2 Qc7 39. Rc2 Bd4 40. b5 axb5 41.
Qxb5 Re6 42. a4 Rc6 43. Qb3 Nd7 44. a5 Nc5 45. Qa3 Ra6 46. h4 h5 47. Rc1 b5 48.
axb6 Qxb6 49. Nxb6 Rxa3 50. Rc2 Nd3 0-1

[Event "GMI ECAM Lyon"]
[Site "?"]
[Date "2023.04.10"]
[Round "1.4"]
[White "Bournel, Antoine"]
[Black "Fedorchuk, Sergey A"]
[Result "1/2-1/2"]
[WhiteElo "2362"]
[BlackElo "2607"]
[PlyCount "38"]
[EventDate "2023.04.11"]
[SourceDate "2023.04.11"]

1. d4 Nf6 2. c4 e6 3. Nf3 b6 4. g3 Ba6 5. b3 Bb4+ 6. Bd2 Be7 7. Nc3 d5 8. cxd5
exd5 9. Bg2 O-O 10. O-O Re8 11. a3 Nbd7 12. Bf4 Nf8 13. Ne5 Bb7 14. h4 Ne6 15.
e3 c5 16. dxc5 bxc5 17. Rc1 Rc8 18. Ng4 Nxf4 19. exf4 Nxg4 1/2-1/2

[Event "GMI ECAM Lyon"]
[Site "?"]
[Date "2023.04.10"]
[Round "1.5"]
[White "Lux, Hugo de Melo"]
[Black "Pourramezanali, Amirreza"]
[Result "0-1"]
[WhiteElo "2322"]
[BlackElo "2501"]
[PlyCount "85"]
[EventDate "2023.04.11"]
[SourceDate "2023.04.11"]

1. e4 e6 2. d4 d5 3. Nc3 Nf6 4. e5 Nfd7 5. Nce2 c5 6. c3 Nc6 7. f4 Qb6 8. Nf3
Be7 9. g3 O-O 10. Bh3 cxd4 11. cxd4 f6 12. Bxe6+ Kh8 13. exf6 Nxf6 14. Bxc8
Raxc8 15. O-O Rfe8 16. Kg2 Ne4 17. Nc3 Bb4 18. Nxd5 Qb5 19. Ne3 Rcd8 20. d5 Nf6
21. Ng5 Rd7 22. Qc2 Rxd5 23. Nxd5 Re2+ 24. Qxe2 Qxe2+ 25. Rf2 Qd1 26. Nxb4 Nxb4
27. Rd2 Qh5 28. Rd8+ Ng8 29. Bd2 Nc6 30. Rf8 Qe2+ 31. Kg1 h6 32. Re1 Qc4 33.
Ree8 hxg5 34. Rxg8+ Kh7 35. Bc3 Nd4 36. fxg5 Nf5 37. Rh8+ Kg6 38. Rhf8 Qc5+ 39.
Kf1 Ne3+ 40. Ke2 Nd5 41. Kf1 Qc4+ 42. Re2 Qxa2 43. Bd4 0-1

[Event "GMI ECAM Lyon"]
[Site "?"]
[Date "2023.04.11"]
[Round "2.1"]
[White "Pourramezanali, Amirreza"]
[Black "Barbot, Pierre"]
[Result "1/2-1/2"]
[WhiteElo "2501"]
[BlackElo "2442"]
[PlyCount "34"]
[EventDate "2023.04.11"]
[SourceDate "2023.04.11"]

1. d4 Nf6 2. Nf3 e6 3. Bf4 c5 4. e3 d5 5. Nbd2 Bd6 6. dxc5 Bxc5 7. c4 O-O 8.
Be2 dxc4 9. Bxc4 a6 10. O-O b5 11. Be2 Bb7 12. a4 Qb6 13. axb5 axb5 14. Qb3
Rxa1 15. Rxa1 Nd5 16. Bxb8 Rxb8 17. Qxb5 Qxb5 1/2-1/2

[Event "GMI ECAM Lyon"]
[Site "?"]
[Date "2023.04.11"]
[Round "2.2"]
[White "Cheng, Bobby"]
[Black "Fedorchuk, Sergey A"]
[Result "1/2-1/2"]
[WhiteElo "2547"]
[BlackElo "2607"]
[PlyCount "73"]
[EventDate "2023.04.11"]
[SourceDate "2023.04.11"]

1. d4 Nf6 2. c4 e6 3. Nc3 Bb4 4. Qc2 d6 5. e3 O-O 6. Bd3 e5 7. Nge2 c6 8. O-O
Ba5 9. b3 Re8 10. dxe5 dxe5 11. Ba3 Bg4 12. Ng3 Na6 13. h3 Bb4 14. Bb2 Bd7 15.
a3 Bf8 16. b4 Nc7 17. Rad1 h6 18. Bf5 Bxf5 19. Nxf5 Qc8 20. Nd6 Bxd6 21. Rxd6
Rd8 22. Rxd8+ Qxd8 23. Rd1 Qe7 24. Ne4 Nce8 25. Qd3 a5 26. b5 cxb5 27. cxb5 Rc8
28. Nxf6+ Nxf6 29. a4 Qe6 30. Qd6 Qxd6 31. Rxd6 Ne4 32. Rb6 Nc5 33. Ba3 f6 34.
g4 Rc7 35. Bxc5 Rxc5 36. Rxb7 Rc4 37. b6 1/2-1/2

[Event "GMI ECAM Lyon"]
[Site "?"]
[Date "2023.04.11"]
[Round "2.3"]
[White "Velten, Paul"]
[Black "Lux, Hugo de Melo"]
[Result "1-0"]
[WhiteElo "2488"]
[BlackElo "2322"]
[PlyCount "45"]
[EventDate "2023.04.11"]
[SourceDate "2023.04.11"]

1. d4 Nf6 2. c4 e6 3. Nf3 d5 4. Nc3 c5 5. cxd5 cxd4 6. Qxd4 exd5 7. e4 dxe4 8.
Qxd8+ Kxd8 9. Ng5 Be6 10. a3 Nbd7 11. g3 Nc5 12. Be3 Bb3 13. Bg2 Nd3+ 14. Ke2
Rc8 15. Ngxe4 Nxe4 16. Nxe4 Nxb2 17. Rhb1 Rc2+ 18. Nd2 Bc4+ 19. Ke1 b5 20. Be4
Nd3+ 21. Kd1 Rc3 22. Nxc4 bxc4 23. Kd2 1-0

[Event "GMI ECAM Lyon"]
[Site "?"]
[Date "2023.04.11"]
[Round "2.4"]
[White "Saraci, Nderim"]
[Black "Bournel, Antoine"]
[Result "1-0"]
[WhiteElo "2463"]
[BlackElo "2362"]
[PlyCount "68"]
[EventDate "2023.04.11"]
[SourceDate "2023.04.11"]

1. e4 e5 2. Nf3 Nc6 3. Bb5 Nf6 4. d3 Bc5 5. Bxc6 dxc6 6. Nbd2 Nd7 7. O-O a5 8.
Nc4 f6 9. Be3 Bxe3 10. Nxe3 Nf8 11. d4 exd4 12. Nxd4 Ng6 13. Re1 O-O 14. Qd3
Kh8 15. Rad1 Qe8 16. Nef5 Qf7 17. a4 Re8 18. Qg3 Ne5 19. h4 c5 20. Nb5 Be6 21.
Ne3 Re7 22. f4 Nc6 23. f5 Bc4 24. Nxc7 Rxc7 25. Nxc4 Re7 26. b3 Nd4 27. Qf2 Qh5
28. c3 Nc6 29. Rd5 Rae8 30. Qf4 b6 31. Rd6 Ne5 32. Nxe5 Rxe5 33. Re3 h6 34. c4
Kh7 1-0

[Event "GMI ECAM Lyon"]
[Site "?"]
[Date "2023.04.11"]
[Round "2.5"]
[White "Milliet, Sophie"]
[Black "Mathieu, Phileas"]
[Result "1-0"]
[WhiteElo "2392"]
[BlackElo "2391"]
[PlyCount "45"]
[EventDate "2023.04.11"]
[SourceDate "2023.04.11"]

1. e4 e5 2. Nf3 Nc6 3. Bc4 Nf6 4. d3 h6 5. c3 d6 6. a4 g5 7. Qb3 Qe7 8. a5 a6
9. h3 Bg7 10. Be3 O-O 11. Nbd2 Nd8 12. g4 Ne6 13. O-O-O b5 14. axb6 cxb6 15. h4
Nxg4 16. hxg5 hxg5 17. Rdg1 Nxe3 18. fxe3 Nc5 19. Qd1 g4 20. Nh2 Rd8 21. Nxg4
Kf8 22. Rh7 d5 23. Nh6 1-0

[Event "GMI ECAM Lyon"]
[Site "?"]
[Date "2023.04.11"]
[Round "3.1"]
[White "Barbot, Pierre"]
[Black "Velten, Paul"]
[Result "1-0"]
[WhiteElo "2442"]
[BlackElo "2488"]
[PlyCount "105"]
[EventDate "2023.04.11"]
[SourceDate "2023.04.11"]

1. d4 d5 2. c4 dxc4 3. Nf3 Nf6 4. e3 e6 5. Bxc4 c5 6. O-O a6 7. a4 Nc6 8. Qe2
cxd4 9. Rd1 Be7 10. exd4 Nd5 11. Nc3 O-O 12. Qe4 Ncb4 13. Ne5 b6 14. Bb3 Bb7
15. Qg4 Kh8 16. Bd2 Rc8 17. Rac1 f6 18. Nf3 Nd3 19. Qxe6 Nc7 20. Qh3 Bxf3 21.
Qxf3 Nxc1 22. Bxc1 f5 23. Ne2 Bd6 24. Nf4 Qf6 25. d5 Rfe8 26. g3 Rcd8 27. h4
Re4 28. Kg2 Rde8 29. Ne6 Nxe6 30. dxe6 Bc5 31. Rd7 R4xe6 32. Bg5 Qg6 33. Bxe6
Qxe6 34. Rd5 Rf8 35. Bd2 Kg8 36. Bc3 h6 37. a5 f4 38. g4 Rf7 39. Re5 Qc8 40.
Kh3 bxa5 41. Qd5 Bf8 42. Rf5 Qb7 43. Qxb7 Rxb7 44. Rxa5 Rb6 45. Rf5 Bd6 46. h5
Rb5 47. Rxb5 axb5 48. Kg2 Kf7 49. Kf3 g6 50. Ke4 g5 51. Kd5 Be7 52. f3 b4 53.
Bd4 1-0

[Event "GMI ECAM Lyon"]
[Site "?"]
[Date "2023.04.11"]
[Round "3.2"]
[White "Bournel, Antoine"]
[Black "Pourramezanali, Amirreza"]
[Result "1/2-1/2"]
[WhiteElo "2362"]
[BlackElo "2501"]
[PlyCount "38"]
[EventDate "2023.04.11"]
[SourceDate "2023.04.11"]

1. d4 d5 2. c4 e6 3. Nf3 Nf6 4. Nc3 Bb4 5. Qa4+ Nc6 6. e3 O-O 7. Bd2 dxc4 8.
Bxc4 a6 9. O-O Bd6 10. Qc2 Qe7 11. Ne4 Nxe4 12. Qxe4 e5 13. Bc3 exd4 14. Qxe7
Nxe7 15. Bxd4 b5 16. Be2 Nc6 17. Bc3 b4 18. Bd2 Bb7 19. Rac1 Rfd8 1/2-1/2

[Event "GMI ECAM Lyon"]
[Site "?"]
[Date "2023.04.11"]
[Round "3.3"]
[White "Mathieu, Phileas"]
[Black "Cheng, Bobby"]
[Result "0-1"]
[WhiteElo "2391"]
[BlackElo "2547"]
[Annotator "Paris,Thierry"]
[PlyCount "88"]
[EventDate "2023.04.11"]
[SourceDate "2023.04.11"]

1. e4 c6 2. d4 d5 3. Nd2 dxe4 4. Nxe4 Nf6 5. Nxf6+ exf6 6. c3 Bd6 7. Bd3 O-O 8.
Qc2 Re8+ 9. Ne2 h5 10. Be3 Nd7 11. O-O-O Nf8 12. Kb1 Be6 13. c4 Rc8 14. Nc3 Bb4
15. Ne4 Be7 16. h3 b5 17. c5 f5 18. Nc3 g6 19. d5 cxd5 20. Bxb5 f4 21. Bxf4
Rxc5 22. Qa4 Bf5+ 23. Ka1 Rxc3 24. Bxe8 Bc2 25. Qxa7 Rc4 26. Rde1 Ne6 27. Bg5
Rc7 28. Bxe7 Qxe8 29. Qa5 Rxe7 30. Qxd5 Ra7 31. Re3 Rd7 32. Qc4 Rd2 33. Rc1 Ba4
34. g4 h4 35. f4 Qb8 36. Qc3 Rh2 37. f5 Nf4 38. fxg6 Nxg6 39. Rf3 Bd7 40. Qf6
Be6 41. Rd1 Qa7 42. a3 Qa4 43. Qd8+ (43. Rd8+ Kh7 44. Rh8+ $1 Nxh8 45. Qxh4+
Kg7 46. Qf6+ Kh7 47. Qh4+ Kg8 48. Qd8+ Kg7 49. Qf6+ $11) 43... Kg7 44. Qd3 $4
Ne5 0-1

[Event "GMI ECAM Lyon"]
[Site "?"]
[Date "2023.04.11"]
[Round "3.5"]
[White "Lux, Hugo de Melo"]
[Black "Milliet, Sophie"]
[Result "1/2-1/2"]
[WhiteElo "2322"]
[BlackElo "2392"]
[PlyCount "129"]
[EventDate "2023.04.11"]
[SourceDate "2023.04.11"]

1. e4 c5 2. Nf3 d6 3. d4 cxd4 4. Nxd4 Nf6 5. Nc3 Nc6 6. Bg5 e6 7. Qd3 Be7 8.
O-O-O O-O 9. f4 Qb6 10. Be2 h6 11. Bh4 Nxd4 12. Qxd4 Qxd4 13. Rxd4 e5 14. Bxf6
Bxf6 15. Rxd6 exf4 16. Nd5 Be5 17. Ne7+ Kh7 18. Rd5 Bc7 19. Nxc8 Raxc8 20. Rd7
Kg8 21. Rhd1 Rfd8 22. Bc4 f3 23. Bxf7+ Kf8 24. gxf3 Bf4+ 25. Kb1 Rxd7 26. Rxd7
Rc7 27. Rxc7 Bxc7 28. Bd5 b6 29. h3 Ke7 30. Kc1 Bf4+ 31. Kd1 Kf6 32. Ke2 Kg5
33. Kd3 Be5 34. b4 Kf4 35. Ke2 Bc3 36. a3 Bb2 37. Kd3 Be5 38. c4 Kxf3 39. c5
bxc5 40. bxc5 g5 41. Bf7 Kf4 42. Bg6 g4 43. hxg4 Kxg4 44. Kc4 Kg5 45. Kd5 Kf6
46. a4 a5 47. Bf5 h5 48. Kc6 Ke7 49. Kd5 Kf6 50. Kc6 Ke7 51. Kb5 Bd4 52. Kxa5
Bxc5 53. Kb5 Bd4 54. Kc4 Bb6 55. e5 h4 56. Kb5 Bc7 57. e6 Kd6 58. a5 Bd8 59. a6
Kc7 60. Bh3 Kb8 61. Bg2 Ka7 62. Bf1 Be7 63. Kc6 h3 64. Kd7 Bg5 65. Bxh3 1/2-1/2

[Event "GMI ECAM Lyon"]
[Site "?"]
[Date "2023.04.12"]
[Round "4.1"]
[White "Cheng, Bobby"]
[Black "Saraci, Nderim"]
[Result "1/2-1/2"]
[WhiteElo "2547"]
[BlackElo "2463"]
[PlyCount "31"]
[EventDate "2023.04.11"]
[SourceDate "2023.04.11"]
[TimeControl "1/40:0"]

1. d4 Nf6 2. c4 e6 3. g3 d5 4. Bg2 dxc4 5. Nf3 a6 6. Ne5 c5 7. Be3 Nbd7 8. Nxc4
Nd5 9. Nc3 Nxe3 10. fxe3 Rb8 11. d5 Nb6 12. Nxb6 Qxb6 13. dxe6 Bxe6 14. O-O Be7
15. Qa4+ Bd7 16. Qf4 1/2-1/2

[Event "GMI ECAM Lyon"]
[Site "?"]
[Date "2023.04.12"]
[Round "4.1"]
[White "Roshka, Yevgeniy"]
[Black "Dgebuadze, Alexandre"]
[Result "1/2-1/2"]
[WhiteElo "2505"]
[BlackElo "2428"]
[PlyCount "83"]
[EventDate "2023.04.11"]
[SourceDate "2023.04.11"]
[TimeControl "1/40:0"]

1. d4 Nf6 2. c4 e6 3. Nf3 Bb4+ 4. Nbd2 b6 5. a3 Bxd2+ 6. Qxd2 Bb7 7. e3 a5 8.
b3 d6 9. Bb2 Nbd7 10. Bd3 Be4 11. Qc2 Bxd3 12. Qxd3 O-O 13. e4 e5 14. O-O Re8
15. Rfe1 Nh5 16. g3 Nhf6 17. Re2 Qc8 18. Rae1 Qb7 19. Nd2 Rad8 20. a4 exd4 21.
Qxd4 Qc6 22. f3 Re6 23. Kg2 Rde8 24. Re3 Qc5 25. Qxc5 Nxc5 26. Bd4 Nfd7 27. f4
f6 28. Kf3 Na6 29. Nb1 Nb4 30. R1e2 Nc5 31. Na3 Nc6 32. Nb5 R6e7 33. h4 h5 34.
Bb2 Kf7 35. Re1 Nb4 36. R1e2 Nc6 37. Ba1 g6 38. Bb2 Rd7 39. Re1 Rde7 40. R1e2
Rd7 41. Re1 Rde7 42. R1e2 1/2-1/2

[Event "GMI ECAM Lyon"]
[Site "?"]
[Date "2023.04.12"]
[Round "4.2"]
[White "Milliet, Sophie"]
[Black "Barbot, Pierre"]
[Result "1/2-1/2"]
[WhiteElo "2392"]
[BlackElo "2442"]
[PlyCount "26"]
[EventDate "2023.04.11"]
[SourceDate "2023.04.11"]
[TimeControl "1/40:0"]

1. e4 e5 2. Nf3 Nc6 3. Bc4 Bc5 4. d3 Nf6 5. Bg5 h6 6. Bh4 O-O 7. Nc3 Be7 8.
Bxf6 Bxf6 9. Nd5 d6 10. a4 Nd4 11. Nxd4 exd4 12. O-O c6 13. Nxf6+ Qxf6 1/2-1/2

[Event "GMI ECAM Lyon"]
[Site "?"]
[Date "2023.04.12"]
[Round "4.3"]
[White "Pourramezanali, Amirreza"]
[Black "Fedorchuk, Sergey A"]
[Result "1/2-1/2"]
[WhiteElo "2501"]
[BlackElo "2607"]
[PlyCount "21"]
[EventDate "2023.04.11"]
[SourceDate "2023.04.11"]

1. d4 Nf6 2. Bf4 c5 3. e3 cxd4 4. exd4 g6 5. Nf3 Bg7 6. Be2 O-O 7. O-O d6 8.
Nc3 Bf5 9. h3 Ne4 10. Nxe4 Bxe4 11. c3 1/2-1/2

[Event "GMI ECAM Lyon"]
[Site "?"]
[Date "2023.04.12"]
[Round "4.4"]
[White "Velten, Paul"]
[Black "Bournel, Antoine"]
[Result "1-0"]
[WhiteElo "2488"]
[BlackElo "2362"]
[PlyCount "95"]
[EventDate "2023.04.11"]
[SourceDate "2023.04.11"]

1. d4 Nf6 2. c4 e6 3. Nf3 d5 4. g3 Bb4+ 5. Bd2 Be7 6. Bg2 O-O 7. O-O c6 8. a4
a5 9. Na3 b6 10. cxd5 exd5 11. Rc1 Bb7 12. Ne5 Bd6 13. Bf4 h6 14. h4 Re8 15.
Bf3 Bf8 16. Qb3 Re6 17. Nc2 Na6 18. Ne3 Nb4 19. Rfd1 Qe8 20. N3g4 c5 21. Nxf6+
Rxf6 22. Bg4 Bc8 23. dxc5 bxc5 24. Bxc8 Rxc8 25. Qf3 Qxa4 26. e4 d4 27. Nc4 Na2
28. b3 Qb4 29. e5 Re6 30. Bd2 Qb8 31. Ra1 Nb4 32. Bxb4 axb4 33. Ra5 Qc7 34.
Rda1 Qc6 35. Qd3 Rd8 36. f4 h5 37. f5 Ree8 38. Ra6 Qd5 39. Re1 Qb7 40. Rb6 Qc7
41. Qf3 d3 42. Rb7 Qc8 43. e6 f6 44. e7 Rxe7 45. Rexe7 d2 46. Nxd2 Qa8 47. Re2
c4 48. bxc4 1-0

[Event "GMI ECAM Lyon"]
[Site "?"]
[Date "2023.04.12"]
[Round "4.5"]
[White "Mathieu, Phileas"]
[Black "Lux, Hugo de Melo"]
[Result "1-0"]
[WhiteElo "2391"]
[BlackElo "2322"]
[PlyCount "77"]
[EventDate "2023.04.11"]
[SourceDate "2023.04.11"]

1. e4 c5 2. Nc3 Nc6 3. Bb5 Nd4 4. Nf3 a6 5. Bd3 g6 6. O-O Bg7 7. Re1 d6 8. Nxd4
cxd4 9. Ne2 d5 10. c3 dxe4 11. Bxe4 Nf6 12. Nxd4 Nxe4 13. Rxe4 O-O 14. Nf3 e5
15. d4 Bf5 16. Rxe5 Bxe5 17. Nxe5 Re8 18. Be3 b5 19. Rc1 Rc8 20. h3 Be4 21. b3
f6 22. Nd3 Qd5 23. Nf4 Qf7 24. d5 g5 25. Nh5 Bg6 26. Ng3 f5 27. Bxg5 f4 28. Nf1
Re5 29. Qg4 Rf5 30. d6 h5 31. Qh4 f3 32. g3 Rcc5 33. Be7 Qe6 34. c4 Rce5 35. c5
Re2 36. g4 hxg4 37. c6 gxh3 38. c7 Rxf2 39. c8=Q+ 1-0

[Event "GMI ECAM Lyon"]
[Site "?"]
[Date "2023.04.13"]
[Round "5.1"]
[White "Fedorchuk, Sergey A"]
[Black "Velten, Paul"]
[Result "1/2-1/2"]
[WhiteElo "2607"]
[BlackElo "2488"]
[PlyCount "98"]
[EventDate "2023.04.11"]
[SourceDate "2023.04.11"]
[TimeControl "1/40:0"]

1. e4 e6 2. d4 d5 3. Nd2 c5 4. Ngf3 cxd4 5. Nxd4 Nf6 6. exd5 Nxd5 7. N2f3 Bb4+
8. Bd2 Bc5 9. Nb3 Be7 10. Bc4 Nc6 11. O-O O-O 12. Re1 Qc7 13. Bxd5 exd5 14.
Nfd4 Nxd4 15. Nxd4 Bf6 16. Bc3 Qb6 17. Re3 Be6 18. Qd3 Rac8 19. Rae1 Bd7 20. h3
g6 21. Qd1 Rfe8 22. Rxe8+ Rxe8 23. Rxe8+ Bxe8 24. Qd2 Qd6 25. Nf3 Bc6 26. Bxf6
Qxf6 27. Nd4 Bd7 28. b3 h5 29. a4 b6 30. Qe3 Qd6 31. Qg5 Kg7 32. Kf1 f6 33. Qe3
g5 34. Ke2 h4 35. Kd2 Kf7 36. Kd3 Kg6 37. Kc3 Kf7 38. Qd3 Ke8 39. Qe2+ Kd8 40.
Kb2 Kc8 41. Qd2 Qh2 42. f3 Qg3 43. b4 Bxa4 44. b5 Qd6 45. Qd3 Qb4+ 46. Kc1 Qe1+
47. Kb2 Qb4+ 48. Kc1 Qe1+ 49. Kb2 Qb4+ 1/2-1/2

[Event "GMI ECAM Lyon"]
[Site "?"]
[Date "2023.04.13"]
[Round "5.2"]
[White "Barbot, Pierre"]
[Black "Mathieu, Phileas"]
[Result "1-0"]
[WhiteElo "2442"]
[BlackElo "2391"]
[PlyCount "147"]
[EventDate "2023.04.11"]
[SourceDate "2023.04.11"]
[TimeControl "1/40:0"]

1. d4 Nf6 2. Nf3 c5 3. d5 b5 4. Bg5 g6 5. Bxf6 exf6 6. e4 b4 7. Nbd2 Bg7 8. Nc4
O-O 9. Bd3 d6 10. Nfd2 Qc7 11. O-O Nd7 12. a3 Bb7 13. axb4 cxb4 14. Ra5 Nc5 15.
Qf3 Rfe8 16. Qf4 Re5 17. Nb3 Nxb3 18. cxb3 f5 19. Ra4 fxe4 20. Nxe5 exd3 21.
Nxd3 Bxd5 22. Rc1 Qe7 23. Re1 Qc7 24. Rc1 Qe7 25. Rxb4 Qe2 26. Qe3 Qxe3 27.
fxe3 Re8 28. Nf4 Be4 29. Rcc4 d5 30. Rc7 g5 31. Ne2 Bxb2 32. Nc3 a5 33. Rb5
Bxc3 34. Rxc3 Ra8 35. Rcc5 a4 36. b4 h6 37. Ra5 Rd8 38. Rxa4 d4 39. exd4 Rxd4
40. Kf2 Bg6 41. Ra8+ Kg7 42. Rb8 Rd2+ 43. Kf3 Rd3+ 44. Ke2 Rb3 45. Re5 Rb2+ 46.
Kf3 Bh5+ 47. Kg3 Rb3+ 48. Kf2 Rb2+ 49. Kf1 Bg6 50. Re3 Bf5 51. h3 h5 52. Rg3
Kf6 53. Rf3 g4 54. Rb6+ Kg5 55. h4+ Kxh4 56. Rxf5 Kg3 57. Rxh5 Rf2+ 58. Ke1 f5
59. Rd6 Rf4 60. Rd2 Re4+ 61. Re2 Rxb4 62. Rxf5 Rb1+ 63. Kd2 Ra1 64. Ke3 Ra4 65.
Rd2 Ra3+ 66. Ke4 Ra4+ 67. Ke5 Ra6 68. Rf8 Ra5+ 69. Kf6 Kh2 70. Kg6 g3 71. Rh8+
Kg1 72. Rh3 Ra8 73. Kf7 Ra3 74. Kf6 1-0

[Event "GMI ECAM Lyon"]
[Site "?"]
[Date "2023.04.13"]
[Round "5.3"]
[White "Lux, Hugo de Melo"]
[Black "Cheng, Bobby"]
[Result "0-1"]
[WhiteElo "2322"]
[BlackElo "2547"]
[PlyCount "66"]
[EventDate "2023.04.11"]
[SourceDate "2023.04.11"]

1. e4 c6 2. d4 d5 3. e5 Bf5 4. h4 h5 5. c4 e6 6. Nc3 dxc4 7. Bxc4 Nd7 8. Nge2
Be7 9. Ng3 Bg6 10. Be3 Nh6 11. Nxh5 Nf5 12. Nf4 Rxh4 13. Rxh4 Bxh4 14. Kf1
Nxe3+ 15. fxe3 Qg5 16. Nxg6 Qxg6 17. Qf3 Ke7 18. Ne2 Rh8 19. Nf4 Qc2 20. Bd3
Qxb2 21. Rb1 Qxa2 22. Rxb7 Qd2 23. g3 Bxg3 24. Nh3 Qxd3+ 25. Kg2 Bh4 26. Qxc6
Qe2+ 27. Kg1 Qxe3+ 28. Kf1 Qxh3+ 29. Ke2 Qg4+ 30. Kf1 Qd1+ 31. Kg2 Qe2+ 32. Kh1
Qf1+ 33. Kh2 Bf2# 0-1

[Event "GMI ECAM Lyon"]
[Site "?"]
[Date "2023.04.13"]
[Round "5.5"]
[White "Bournel, Antoine"]
[Black "Milliet, Sophie"]
[Result "1/2-1/2"]
[WhiteElo "2362"]
[BlackElo "2392"]
[PlyCount "73"]
[EventDate "2023.04.11"]
[SourceDate "2023.04.11"]

1. d4 Nf6 2. c4 e6 3. Nf3 d5 4. Nc3 c6 5. Bg5 h6 6. Bxf6 Qxf6 7. e3 Nd7 8. Be2
g6 9. O-O Qe7 10. e4 dxc4 11. Bxc4 Bg7 12. Qe2 O-O 13. Rfd1 b5 14. Bb3 Bb7 15.
Rac1 a6 16. Qe3 Rac8 17. Rd2 c5 18. Rcd1 cxd4 19. Nxd4 Nc5 20. Bc2 Rfd8 21. a3
h5 22. Bb1 Nd7 23. Nde2 Ne5 24. Ba2 Ng4 25. Qb6 Rxd2 26. Rxd2 Be5 27. g3 Bb8
28. Nd4 Ne5 29. Kf1 Kh7 30. f4 Ng4 31. Nf3 Ba8 32. Qxa6 Qc5 33. Qxb5 Qe3 34.
Qd3 Qb6 35. Qb5 Qe3 36. Qd3 Qb6 37. Qb5 1/2-1/2

[Event "GMI ECAM Lyon"]
[Site "?"]
[Date "2023.04.13"]
[Round "6.1"]
[White "Cheng, Bobby"]
[Black "Pourramezanali, Amirreza"]
[Result "1/2-1/2"]
[WhiteElo "2547"]
[BlackElo "2501"]
[PlyCount "84"]
[EventDate "2023.04.11"]
[SourceDate "2023.04.11"]
[TimeControl "1/40:0"]

1. d4 d5 2. c4 e6 3. Nf3 Nf6 4. g3 Bb4+ 5. Bd2 Be7 6. Bg2 O-O 7. O-O c6 8. Qc2
Nbd7 9. Bf4 b6 10. cxd5 cxd5 11. Rc1 Bb7 12. Bc7 Qe8 13. Qb3 Nb8 14. a4 Na6 15.
Bf4 Rc8 16. Nc3 h6 17. h4 Nd7 18. e3 Ndb8 19. Bf1 Qd8 20. Nb5 Nc6 21. h5 Nab4
22. Ne5 a6 23. Nxc6 Nxc6 24. Nc3 Na5 25. Qd1 Bd6 26. Bd3 Nc4 27. Qe2 a5 28. Nb5
Bxf4 29. gxf4 Nd6 30. Rxc8 Bxc8 31. Rc1 Nxb5 32. Bxb5 Bd7 33. Kg2 Be8 34. Kg3
Kh8 35. Qc2 g5 36. hxg6 Rg8 37. Bxe8 Qxe8 38. Kf3 Rxg6 39. Qc7 Kg7 40. b3 h5
41. Qe5+ f6 42. Qc7+ Kh6 {Qc81/2-1/2} 1/2-1/2

[Event "GMI ECAM Lyon"]
[Site "?"]
[Date "2023.04.13"]
[Round "6.2"]
[White "Lux, Hugo de Melo"]
[Black "Barbot, Pierre"]
[Result "1-0"]
[WhiteElo "2322"]
[BlackElo "2442"]
[PlyCount "53"]
[EventDate "2023.04.11"]
[SourceDate "2023.04.11"]
[TimeControl "1/40:0"]

1. e4 e5 2. Nf3 Nc6 3. Bc4 Bc5 4. c3 Nf6 5. d4 exd4 6. b4 Bb6 7. e5 d5 8. exf6
dxc4 9. Qe2+ Be6 10. b5 Na5 11. fxg7 Rg8 12. cxd4 Rxg7 13. Nc3 Bxd4 14. Bb2 Bf6
15. Ne4 Bxb2 16. Qxb2 Kf8 17. O-O b6 18. h4 h6 19. Rfe1 Nb7 20. Rad1 Qe7 21.
Qc1 Rh7 22. Qf4 Rd8 23. Nf6 Rh8 24. Rxd8+ Nxd8 25. Ne5 Qb4 26. Ned7+ Kg7 27.
Qg3+ 1-0

[Event "GMI ECAM Lyon"]
[Site "?"]
[Date "2023.04.13"]
[Round "6.5"]
[White "Mathieu, Phileas"]
[Black "Bournel, Antoine"]
[Result "1/2-1/2"]
[WhiteElo "2391"]
[BlackElo "2362"]
[PlyCount "53"]
[EventDate "2023.04.11"]
[SourceDate "2023.04.11"]

1. e4 e5 2. Bc4 Nf6 3. d3 Nc6 4. Nc3 Bb4 5. Nge2 d5 6. exd5 Nxd5 7. O-O Be6 8.
f4 f6 9. Kh1 O-O 10. Qe1 Bf7 11. Qg3 Kh8 12. Bd2 Nxc3 13. bxc3 Bxc4 14. cxb4 e4
15. Nc1 exd3 16. cxd3 Bg8 17. Bc3 Qd6 18. Rb1 a6 19. b5 axb5 20. Rxb5 b6 21.
Rh5 Rfe8 22. h3 Nd4 23. Qf2 Rac8 24. f5 c5 25. Rh4 Nc6 26. Qb2 Ne5 27. Qf2
1/2-1/2